| 000 | 00986cam a2200253 i 4500 | ||
|---|---|---|---|
| 999 |
_c5977 _d5977 |
||
| 003 | OSt | ||
| 005 | 20230612075651.0 | ||
| 008 | 130927s2013 ke a d 000 0 swa | ||
| 020 | _a9780195742862 | ||
| 040 | _cALUPE UNIVERSITY | ||
| 050 | 0 | 0 |
_aPL8703 _b.C58 2013 |
| 110 | 2 |
_aChuo Kikuu cha Dar es Salaam. _bTaasisi ya Taaluma za Kiswahili. |
|
| 245 | 1 | 0 |
_aKamusi ya Kiswahili sanifu / _cTaasisi ya Taaluma za Kiswahili (TATAKI), iliyokuwa ikiitwa Taasisi ya Uchunguzi wa Kiswahili (TUKI), Chuo Kikuu cha Dar es Salaam. |
| 250 | _aToleo la 3. | ||
| 264 | 1 |
_aNairobi, Kenya : _bOxford University Press, East Africa Limited, _c2013. |
|
| 300 |
_axvi, 687 pages : _billustrations ; _c22 cm |
||
| 336 |
_atext _2rdacontent |
||
| 337 |
_aunmediated _2rdamedia |
||
| 338 |
_avolume _2rdacarrier |
||
| 650 | 0 |
_aSwahili language _vDictionaries. |
|
| 906 |
_a7 _bcbc _corigcop _d3 _encip _f20 _gy-gencatlg |
||
| 942 |
_2lcc _cREF _nJO |
||